000 00647nam a2200193Ii 4500
003 JO-AjNU
008 230605s9999||||xx |||||||||||||| ||und||
040 _aJO-AjNU
_bara
_erda
_cJO-AjNU
041 _aara
050 1 4 _aTT207.S25 1990
100 3 _aسعيد، اياد,
_eauthor
_910696
245 0 0 _aفنون الخراطة وقطع المعادن والاسنان
264 3 1 _aبيروت: منشورات العصر الحديث ، 1990
300 _a128ص
_bصور توضيحية
336 _atext
_btxt
_2rdacontent
337 _aunmediated
_bn
_2rdamedia
338 _avolume
_bnc
_2rdacarrier
650 4 _aفنون الخراطة
_910697
999 _aA1939
_c5507
_d5507